000 00583nam a2200181 4500
001 126140
003 ES-MaACL
005 20230906192749.0
007 t|
008 070214s1973 sp r ||||1| spa d
100 1 _aReitlinger, Gerald.
_996093
245 1 3 _aLa solución final
_b: (intento de exterminio de los judíos europeos) /
_cGerald Reitlinger ; versión... por Rafael de Andrés.
250 _a1ª ed.
260 _aBarcelona [etc.] :
_bGrijalbo,
_c1973.
300 _a559 p. ;
_c21 cm.
700 1 _aAndrés, Rafael de.
_921584
852 _aES-MaACL
_jC-53896
_bR.86746
999 _c126140
_d126140